[Event "HUN-chT2 Erkel 1819"]
[Site "Hungary"]
[Date "2019.04.28"]
[Round "9.3"]
[White "Kozma, Gabor"]
[Black "Juracsik, Jozsef"]
[Result "0-1"]
[WhiteElo "2078"]
[BlackElo "2093"]
[PlyCount "74"]
[EventDate "2018.10.28"]
[EventType "team-tourn"]
[EventRounds "9"]
[EventCountry "HUN"]
[SourceTitle "EXT 2021"]
[Source "ChessBase"]
[SourceDate "2020.10.23"]
[SourceVersion "1"]
[SourceVersionDate "2020.10.23"]
[SourceQuality "1"]
[WhiteTeam "Szada GSBE"]
[BlackTeam "Andornaktalya"]
[WhiteTeamCountry "HUN"]
[BlackTeamCountry "HUN"]

1. e4 c5 2. Nf3 Nc6 3. d4 cxd4 4. Nxd4 Qc7 5. Nc3 e6 6. Be2 a6 7. 0-0 Nf6 8. Nxc6 bxc6 9. f4 d5 10. e5 Nd7 11. Kh1 g6 12. Bd3 Bb7 13. b3 Nc5 14. Bb2 Be7 15. Ne2 0-0-0 16. Qe1 h5 17. a3 h4 18. h3 Kb8 19. Nd4 Ne4 20. Bxe4 dxe4 21. c4 c5 22. Nc2 Rd3 23. Bc3 Qc6 24. Ne3 Rhd8 25. Rd1 g5 26. f5 Rxd1 27. Nxd1 e3 28. Qe2 exf5 29. Nxe3 Qe4 30. Qf2 f4 31. Nd1 g4 32. Re1 Qc6 33. hxg4 h3 34. Kh2 hxg2 35. Qxf4 g1Q+ 36. Rxg1 Rh8+ 37. Kg3 Bh4+ 0-1

[Event "HUN-chT2 Erkel 1819"]
[Site "Hungary"]
[Date "2018.12.02"]
[Round "3.3"]
[White "Pal, Geza"]
[Black "Kozma, Gabor"]
[Result "1/2-1/2"]
[WhiteElo "2111"]
[BlackElo "2078"]
[PlyCount "100"]
[EventDate "2018.10.28"]
[EventType "team-tourn"]
[EventRounds "9"]
[EventCountry "HUN"]
[SourceTitle "EXT 2021"]
[Source "ChessBase"]
[SourceDate "2020.10.23"]
[SourceVersion "1"]
[SourceVersionDate "2020.10.23"]
[SourceQuality "1"]
[WhiteTeam "Fot"]
[BlackTeam "Szada GSBE"]
[WhiteTeamCountry "HUN"]
[BlackTeamCountry "HUN"]

1. d4 Nf6 2. Nf3 d5 3. e3 Bf5 4. Bd3 Bxd3 5. Qxd3 c6 6. 0-0 e6 7. c4 Bd6 8. Nc3 0-0 9. e4 dxe4 10. Nxe4 Nxe4 11. Qxe4 Nd7 12. Bg5 Nf6 13. Qe3 Be7 14. h3 Qc7 15. Rfd1 Rfd8 16. Rac1 b6 17. Rd2 c5 18. Bf4 Bd6 19. Bxd6 Qxd6 20. dxc5 Qxc5 21. Qxc5 bxc5 22. Rcd1 Rxd2 23. Rxd2 Kf8 24. Rd6 Rb8 25. b3 Rb6 26. Rd8+ Ke7 27. Rc8 Kd6 28. Ng5 Rb7 29. Rf8 h6 30. Rxf7 Rxf7 31. Nxf7+ Kc7 32. f3 Nh5 33. Kf2 Nf4 34. g3 Nd3+ 35. Ke3 Nc1 36. Ne5 Nxa2 37. Nd3 Kd6 38. f4 a5 39. g4 Nc3 40. h4 a4 41. bxa4 Nxa4 42. h5 Nb6 43. Ne5 Ke7 44. Kd3 Nc8 45. g5 Nd6 46. Ke3 Nf5+ 47. Kf3 Nd6 48. Kg4 Nf5 49. Kf3 Nd4+ 50. Kf2 Nf5 1/2-1/2

[Event "HUN-chT2 Erkel 1718"]
[Site "Hungary"]
[Date "2018.03.04"]
[Round "9.2"]
[White "To, Nhat Minh"]
[Black "Kozma, Gabor"]
[Result "1/2-1/2"]
[WhiteElo "2329"]
[BlackElo "2032"]
[PlyCount "53"]
[EventDate "2017.09.24"]
[EventType "team-tourn"]
[EventRounds "11"]
[EventCountry "HUN"]
[SourceTitle "EXT 2021"]
[Source "ChessBase"]
[SourceDate "2020.10.23"]
[SourceVersion "1"]
[SourceVersionDate "2020.10.23"]
[SourceQuality "1"]
[WhiteTeam "Szigetszentmiklos"]
[BlackTeam "Szada GSBE"]
[WhiteTeamCountry "HUN"]
[BlackTeamCountry "HUN"]

1. Nf3 c5 2. e4 d6 3. d4 cxd4 4. Nxd4 Nf6 5. Nc3 a6 6. g3 e5 7. Nde2 b5 8. Nd5 Bb7 9. Nec3 Nbd7 10. Bg2 Be7 11. a4 bxa4 12. Rxa4 0-0 13. 0-0 Nxd5 14. Nxd5 Bxd5 15. exd5 Qb6 16. b3 f5 17. Be3 Qb7 18. Qe2 e4 19. f3 exf3 20. Bxf3 Bf6 21. Bg2 g6 22. Qd2 Rac8 23. Rb4 Qa8 24. c4 Rfe8 25. Bd4 Rb8 26. Rxb8 Qxb8 27. Bxf6 1/2-1/2

[Event "HUN-chT2 Erkel 1718"]
[Site "Hungary"]
[Date "2018.02.18"]
[Round "8.4"]
[White "Kozma, Gabor"]
[Black "Kovacsy, Barnabas"]
[Result "1/2-1/2"]
[WhiteElo "2032"]
[BlackElo "2105"]
[PlyCount "89"]
[EventDate "2017.09.24"]
[EventType "team-tourn"]
[EventRounds "11"]
[EventCountry "HUN"]
[SourceTitle "EXT 2021"]
[Source "ChessBase"]
[SourceDate "2020.10.23"]
[SourceVersion "1"]
[SourceVersionDate "2020.10.23"]
[SourceQuality "1"]
[WhiteTeam "Szada GSBE"]
[BlackTeam "Budapest MTK II"]
[WhiteTeamCountry "HUN"]
[BlackTeamCountry "HUN"]

1. e4 c5 2. Nf3 e6 3. d4 cxd4 4. Nxd4 Nc6 5. Be3 Nf6 6. Bd3 a6 7. 0-0 Qc7 8. Nxc6 bxc6 9. Nc3 d5 10. Re1 Bb7 11. Bd4 Be7 12. exd5 cxd5 13. Qf3 h5 14. Be5 Qd8 15. Rad1 Bd6 16. Qg3 Bxe5 17. Rxe5 Ng4 18. Re2 Qb8 19. Qxb8+ Rxb8 20. h3 Nf6 21. b3 Ke7 22. Na4 Bc6 23. Nb2 Rhd8 24. a4 a5 25. Rde1 Rb4 26. Re5 Rh8 27. R5e3 Rc8 28. Rg3 g6 29. Rge3 Bd7 30. R1e2 Rc7 31. Rd2 Kd6 32. Rf3 Ke7 33. Re3 Rb6 34. Rde2 Bc8 35. Rd2 Rc5 36. f3 Ba6 37. Bxa6 Rxa6 38. c4 Ra7 39. Nd3 Rcc7 40. Ne5 Rab7 41. g4 hxg4 42. hxg4 dxc4 43. Nxc4 Rc5 44. Red3 Nd5 45. Rxd5 1/2-1/2

[Event "HUN-chT2 Erkel 1617"]
[Site "Hungary"]
[Date "2016.12.11"]
[Round "6.5"]
[White "Kozma, Gabor"]
[Black "Trajber, Csaba"]
[Result "0-1"]
[WhiteElo "2054"]
[BlackElo "2030"]
[PlyCount "90"]
[EventDate "2016.09.25"]
[EventType "team-tourn"]
[EventRounds "11"]
[EventCountry "HUN"]
[SourceTitle "EXT 2021"]
[Source "ChessBase"]
[SourceDate "2020.10.23"]
[SourceVersion "1"]
[SourceVersionDate "2020.10.23"]
[SourceQuality "1"]
[WhiteTeam "Szada GSBE"]
[BlackTeam "Fot"]
[WhiteTeamCountry "HUN"]
[BlackTeamCountry "HUN"]

1. e4 c5 2. Nf3 e6 3. d4 cxd4 4. Nxd4 Nc6 5. Nc3 Qc7 6. Be3 a6 7. Bd3 Nf6 8. 0-0 b5 9. Kh1 Ne5 10. f4 Nc4 11. Bxc4 Qxc4 12. e5 b4 13. Na4 Nd5 14. Bg1 g6 15. Qd2 Bb7 16. Rae1 Be7 17. b3 Qc7 18. Qd3 Rc8 19. Nb2 Bh4 20. Re2 Nc3 21. Re3 Bd5 22. Rh3 Be7 23. Qe3 Qb7 24. Nf3 Nxa2 25. Qd2 Nc3 26. Nd3 Ne4 27. Qe2 Nc3 28. Qd2 Be4 29. Rg3 Bf5 30. Nf2 Bc5 31. Nh4 Bxf2 32. Nxf5 gxf5 33. Bxf2 Ne4 34. Qd1 Nxg3+ 35. Bxg3 Qc6 36. Rf2 d5 37. exd6 Rd8 38. Rd2 0-0 39. Bh4 f6 40. Rd3 Rd7 41. Rg3+ Rg7 42. Bxf6 Rxg3 43. hxg3 Rxf6 44. d7 Rh6+ 45. Kg1 Qb6+ 0-1

[Event "HUN-chT2 Erkel 1516"]
[Site "Hungary"]
[Date "2015.11.29"]
[Round "5.6"]
[White "Kis, Jozsef"]
[Black "Kozma, Gabor"]
[Result "1-0"]
[WhiteElo "2051"]
[BlackElo "1997"]
[PlyCount "89"]
[EventDate "2015.09.13"]
[EventType "team-tourn"]
[EventRounds "11"]
[EventCountry "HUN"]
[SourceTitle "CBM 170 Extra"]
[Source "ChessBase"]
[SourceDate "2016.02.25"]
[SourceVersion "1"]
[SourceVersionDate "2016.02.25"]
[SourceQuality "1"]
[WhiteTeam "Matra"]
[BlackTeam "GSBE"]
[WhiteTeamCountry "HUN"]
[BlackTeamCountry "HUN"]

1. e4 c5 2. Nf3 d6 3. d4 cxd4 4. Nxd4 Nf6 5. Nc3 a6 6. Be2 e6 7. Be3 Be7 8. 0-0 0-0 9. f4 Nc6 10. a4 Qc7 11. Nb3 b6 12. Bf3 Bb7 13. Qe2 Rac8 14. g4 Nd7 15. g5 Nb4 16. Qg2 d5 17. exd5 Nxd5 18. Nxd5 Bxd5 19. Bxd5 exd5 20. Rf2 Nc5 21. Qxd5 Rfd8 22. Qc4 Qb7 23. Nxc5 Bxc5 24. Bxc5 Rxc5 25. Qe2 Rcd5 26. Re1 Qd7 27. b3 Kf8 28. Qe4 Rd1 29. Rfe2 g6 30. Kf2 Rd4 31. Qe5 Kg8 32. Kg3 Rd2 33. Qf6 Rc8 34. Re7 Rg2+ 35. Kxg2 Qg4+ 36. Kf2 Qh4+ 37. Kf3 Qh3+ 38. Kf2 Qxh2+ 39. Kf1 Qh3+ 40. Kf2 Qh2+ 41. Ke3 Qg3+ 42. Kd2 Qg2+ 43. R1e2 Rd8+ 44. Kc1 Qg1+ 45. Re1 1-0

[Event "HUN-chT2 Erkel 1415"]
[Site "Hungary"]
[Date "2014.10.05"]
[Round "1.9"]
[White "Lengyel, Laszlo"]
[Black "Kozma, Gabor"]
[Result "1/2-1/2"]
[WhiteElo "2036"]
[BlackElo "2004"]
[PlyCount "75"]
[EventDate "2014.09.28"]
[EventType "team-tourn"]
[EventRounds "9"]
[EventCountry "HUN"]
[SourceTitle "EXT 2016"]
[Source "ChessBase"]
[SourceDate "2015.10.08"]
[SourceVersion "1"]
[SourceVersionDate "2015.10.08"]
[SourceQuality "1"]
[WhiteTeam "Paszto"]
[BlackTeam "GBSE"]
[WhiteTeamCountry "HUN"]
[BlackTeamCountry "HUN"]

1. c4 Nf6 2. Nc3 e6 3. a3 d5 4. e3 Be7 5. d4 0-0 6. Nf3 b6 7. b3 Bb7 8. Be2 c5 9. 0-0 Nbd7 10. Bb2 Rc8 11. Rc1 dxc4 12. Bxc4 Ne4 13. d5 exd5 14. Nxd5 Ndf6 15. Nxe7+ Qxe7 16. h3 Rcd8 17. Qc2 Bd5 18. Rfd1 Qe6 19. Bxd5 Rxd5 20. Rxd5 Nxd5 21. Rd1 h6 22. Ne5 Nef6 23. Qc4 Re8 24. Ng4 Nxg4 25. Qxd5 Nxe3 26. Qxe6 Rxe6 27. Rd8+ Kh7 28. fxe3 Rxe3 29. Rd7 Rxb3 30. Be5 Rxa3 31. Rxf7 Kg6 32. Rxg7+ Kf5 33. Bb8 a5 34. Rc7 Rb3 35. Ba7 a4 36. Bxb6 Rxb6 37. Rxc5+ Kg6 38. Ra5 1/2-1/2

[Event "Budapest op 1st"]
[Site "Budapest"]
[Date "2011.08.26"]
[Round "7"]
[White "Kozma, Gabor"]
[Black "Torok, Tamas Titusz"]
[Result "1/2-1/2"]
[WhiteElo "1927"]
[BlackElo "2059"]
[PlyCount "137"]
[EventDate "2011.08.20"]
[EventType "swiss"]
[EventRounds "9"]
[EventCountry "HUN"]
[SourceTitle "EXT 2022"]
[Source "ChessBase"]
[SourceDate "2021.10.06"]
[SourceVersion "1"]
[SourceVersionDate "2021.10.06"]
[SourceQuality "1"]

1. e4 e5 2. Nf3 Nc6 3. Bb5 Nd4 4. Nxd4 exd4 5. 0-0 Bc5 6. d3 c6 7. Bc4 d5 8. Bb3 Ne7 9. Re1 0-0 10. Bg5 f6 11. Bh4 Kh8 12. Nd2 Ng6 13. Bg3 f5 14. f3 dxe4 15. fxe4 f4 16. Bf2 Ne5 17. Qh5 Bd6 18. Bh4 Qc7 19. h3 b5 20. Rf1 Bd7 21. Qe2 c5 22. Bd5 Rae8 23. c3 Ng6 24. Bf2 f3 25. Nxf3 Nf4 26. Qc2 dxc3 27. bxc3 Bxh3 28. Bg3 Nxd5 29. Bxd6 Qxd6 30. exd5 Qxd5 31. Rae1 Bf5 32. Rxe8 Rxe8 33. Re1 Rxe1+ 34. Nxe1 c4 35. dxc4 bxc4 36. Qe2 Be4 37. Qf2 a6 38. Qf8+ Qg8 39. Qd6 Qa8 40. Qd4 Bd5 41. Nf3 Bxf3 42. gxf3 Qc8 43. Kf2 h6 44. Qe4 Qc5+ 45. Kg2 Qg5+ 46. Kh3 Qh5+ 47. Kg3 Qb5 48. Qa8+ Kh7 49. Qe4+ Kg8 50. Qe6+ Kf8 51. Qd6+ Kf7 52. Qc7+ Kg6 53. Qd6+ Kh7 54. Qe6 Qg5+ 55. Kf2 Qd2+ 56. Kg3 Qxc3 57. Qe4+ g6 58. Qb7+ Qg7 59. Qxa6 Qc7+ 60. Kf2 c3 61. Qa3 c2 62. Qc1 Qc3 63. Kg3 g5 64. Kg2 Qd3 65. a4 Qd1 66. Qa3 c1Q 67. Qe7+ Kg6 68. Qe6+ Kg7 69. Qe7+ 1/2-1/2

[Event "HUN-chT2 Erkel 0910"]
[Site "Hungary"]
[Date "2010.05.02"]
[Round "11.10"]
[White "Kozma, Gabor"]
[Black "Valis, Janos"]
[Result "0-1"]
[WhiteElo "1906"]
[BlackElo "2105"]
[PlyCount "68"]
[EventDate "2009.11.08"]
[EventType "team-tourn"]
[EventRounds "11"]
[EventCountry "HUN"]
[SourceTitle "EXT 2011"]
[Source "ChessBase"]
[SourceDate "2010.11.26"]
[SourceVersion "1"]
[SourceVersionDate "2010.11.26"]
[SourceQuality "1"]
[WhiteTeam "Godollo"]
[BlackTeam "Husi"]
[WhiteTeamCountry "HUN"]
[BlackTeamCountry "HUN"]

1. e4 d6 2. d4 g6 3. Nf3 Bg7 4. c4 Nf6 5. Nc3 0-0 6. Bd3 Nc6 7. 0-0 Bg4 8. Be3 e5 9. Be2 exd4 10. Nxd4 Bxe2 11. Ndxe2 Ne5 12. c5 Nc4 13. Bf4 dxc5 14. b3 Nd6 15. e5 Nfe4 16. exd6 Nxc3 17. Nxc3 Bxc3 18. dxc7 Qf6 19. Rc1 Qxf4 20. Rxc3 Qxc7 21. Qc2 Rac8 22. Rc1 Rfd8 23. g3 Rd5 24. Re3 Rcd8 25. Qc3 Rd1+ 26. Rxd1 Rxd1+ 27. Kg2 Qc6+ 28. Rf3 Qa6 29. Re3 Qf1+ 30. Kf3 Rd4 31. Re8+ Kg7 32. Re1 Qb5 33. Re4 Qc6 34. Qe3 f5 0-1

[Event "HUN-chT2 Erkel 0910"]
[Site "Hungary"]
[Date "2010.02.14"]
[Round "6.9"]
[White "Szlabey, Geza"]
[Black "Kozma, Gabor"]
[Result "1/2-1/2"]
[WhiteElo "2092"]
[BlackElo "1906"]
[PlyCount "106"]
[EventDate "2009.11.08"]
[EventType "team-tourn"]
[EventRounds "11"]
[EventCountry "HUN"]
[SourceTitle "EXT 2011"]
[Source "ChessBase"]
[SourceDate "2010.11.26"]
[SourceVersion "1"]
[SourceVersionDate "2010.11.26"]
[SourceQuality "1"]
[WhiteTeam "Foti"]
[BlackTeam "Godollo"]
[WhiteTeamCountry "HUN"]
[BlackTeamCountry "HUN"]

1. e4 c5 2. Nf3 Nc6 3. Bb5 e6 4. 0-0 Nge7 5. c3 d5 6. d3 a6 7. Ba4 b5 8. Bc2 g6 9. a4 Bb7 10. Be3 d4 11. Bf4 Bg7 12. Qd2 0-0 13. axb5 axb5 14. Rxa8 Qxa8 15. Bh6 Qa2 16. Bxg7 Kxg7 17. Bd1 e5 18. Qc1 c4 19. dxc4 bxc4 20. Na3 Ba6 21. Nd2 Rb8 22. f4 Rxb2 23. Nab1 exf4 24. cxd4 Nxd4 25. Nc3 Qa3 26. Ndb1 Qb4 27. Qxf4 Nec6 28. Qxf7+ Kh6 29. Qf4+ Kg7 30. Qf6+ Kh6 31. h4 Qe7 32. Qf4+ Kg7 33. Nd5 Ne6 34. Qc1 Qc5+ 35. Kh1 Rf2 36. Qc3+ Kh6 37. Rxf2 Qxf2 38. Qe3+ Qxe3 39. Nxe3 Nc5 40. Nc3 Ne5 41. Ng4+ Nxg4 42. Bxg4 Nd3 43. Kh2 Kg7 44. Kg3 Kf6 45. Bd1 Ke5 46. Kf3 h6 47. Ke3 Bb7 48. g3 Bc6 49. Bc2 Nc5 50. Bb1 g5 51. Bc2 gxh4 52. gxh4 Bb7 53. Bb1 Bc6 1/2-1/2

[Event "HUN-chT2 Erkel 0910"]
[Site "Hungary"]
[Date "2009.12.20"]
[Round "4.11"]
[White "Kovacs, Istvan"]
[Black "Kozma, Gabor"]
[Result "1-0"]
[WhiteElo "1826"]
[BlackElo "1906"]
[PlyCount "35"]
[EventDate "2009.11.08"]
[EventType "team-tourn"]
[EventRounds "11"]
[EventCountry "HUN"]
[SourceTitle "EXT 2011"]
[Source "ChessBase"]
[SourceDate "2010.11.26"]
[SourceVersion "1"]
[SourceVersionDate "2010.11.26"]
[SourceQuality "1"]
[WhiteTeam "Ujszasz"]
[BlackTeam "Godollo"]
[WhiteTeamCountry "HUN"]
[BlackTeamCountry "HUN"]

1. c4 f5 2. Nf3 g6 3. d4 Nf6 4. Nc3 Bg7 5. Bf4 d6 6. e3 0-0 7. Qb3 h6 8. Bd3 Nbd7 9. c5+ Kh8 10. Nh4 Qe8 11. Nb5 g5 12. Nxc7 Qh5 13. Nxf5 gxf4 14. Nxe7 dxc5 15. Ng6+ Qxg6 16. Bxg6 fxe3 17. fxe3 cxd4 18. exd4 1-0

[Event "Balatonalmadi Pannonia Cup 14th"]
[Site "Balatonalmadi"]
[Date "2009.08.02"]
[Round "7"]
[White "Hitter, Gabriela"]
[Black "Kozma, Gabor"]
[Result "1-0"]
[WhiteElo "2064"]
[BlackElo "1915"]
[PlyCount "99"]
[EventDate "2009.07.29"]
[EventType "swiss"]
[EventRounds "7"]
[EventCountry "HUN"]
[SourceTitle "EXT 2011"]
[Source "ChessBase"]
[SourceDate "2010.11.26"]
[SourceVersion "1"]
[SourceVersionDate "2010.11.26"]
[SourceQuality "1"]

1. e4 c5 2. Nf3 Nc6 3. d4 cxd4 4. Nxd4 Nf6 5. Nc3 e5 6. Ndb5 d6 7. Bg5 a6 8. Na3 b5 9. Nd5 Be7 10. Bxf6 Bxf6 11. c3 0-0 12. Nc2 Bg5 13. a4 bxa4 14. Rxa4 f5 15. Ndb4 Nxb4 16. Nxb4 Kh8 17. Qd5 Qd7 18. Bb5 Qf7 19. 0-0 Bb7 20. Qxf7 Rxf7 21. Bc4 Rff8 22. exf5 Rxf5 23. Bd5 Bxd5 24. Nxd5 h6 25. Rfa1 e4 26. Rd4 Raf8 27. Rf1 e3 28. f3 Re8 29. Re1 Rb8 30. b4 Bd8 31. Nxe3 Re5 32. Rxd6 a5 33. Rd5 Rxe3 34. Rxd8+ Rxd8 35. Rxe3 axb4 36. cxb4 Rd1+ 37. Kf2 Rb1 38. Re4 Kh7 39. h4 Kg6 40. Ke3 Kf5 41. g4+ Kf6 42. Kd3 Rb3+ 43. Kc4 Rxf3 44. b5 Rf1 45. b6 Rb1 46. Kc5 Rb2 47. Rb4 Rc2+ 48. Kb5 Re2 49. b7 Re5+ 50. Ka6 1-0

[Event "HUN-chT2 Erkel 0708"]
[Site "Hungary"]
[Date "2008.04.27"]
[Round "10"]
[White "Kozma, Gabor"]
[Black "Somogyi, Gabor"]
[Result "0-1"]
[WhiteElo "2000"]
[BlackElo "1970"]
[PlyCount "110"]
[EventDate "2007.10.14"]
[EventType "team"]
[EventRounds "11"]
[EventCountry "HUN"]
[SourceTitle "EXT 2009"]
[Source "ChessBase"]
[SourceDate "2008.11.26"]
[SourceVersion "1"]
[SourceVersionDate "2008.11.26"]
[SourceQuality "1"]
[WhiteTeam "Godollo"]
[BlackTeam "Dunaharaszti II"]
[WhiteTeamCountry "HUN"]
[BlackTeamCountry "HUN"]

1. e4 c6 2. d4 d5 3. exd5 cxd5 4. c4 Nf6 5. Nc3 Nc6 6. Nf3 Bg4 7. Be3 e6 8. c5 Be7 9. Bb5 0-0 10. h3 Bxf3 11. Qxf3 Qa5 12. 0-0 Nd7 13. a3 Bf6 14. b4 Qd8 15. Bxc6 bxc6 16. b5 Nxc5 17. dxc5 Bxc3 18. Rab1 Be5 19. Bd2 cxb5 20. Rxb5 Rb8 21. Rfb1 Qc7 22. Qb3 Rxb5 23. Qxb5 Rc8 24. Bb4 Rb8 25. Qa6 Qxc5 26. Re1 Qd4 27. Qe2 Bf6 28. Qf3 Rc8 29. Rd1 Qb2 30. Rd2 Qb1+ 31. Kh2 Be5+ 32. g3 a6 33. Re2 Bf6 34. Qf4 Qd1 35. Rd2 Qb3 36. Qd6 Qc4 37. Qb6 Qc6 38. Qe3 Bc3 39. Rc2 d4 40. Qd3 Qc4 41. Qe4 Qc6 42. Qxc6 Rxc6 43. Kg2 f6 44. Kf3 Kf7 45. Ke4 Ke8 46. Kd3 Kd7 47. Bxc3 Rxc3+ 48. Rxc3 dxc3 49. Kxc3 Kc6 50. Kc4 a5 51. a4 e5 52. h4 h5 53. f4 g6 54. Kd3 Kd5 55. Ke3 e4 0-1